000 00306nam a2200121Ia 4500
008 190216s9999||||xx |||||||||||||| ||und||
100 _aNarayamoorthi And Venketasan
245 0 _aMechanics Dynamics
260 _bThe National Publishing Company
_c1970
300 _a354p
650 _aPhysics
942 _cBK
999 _c32803
_d32803